[Event "AUTO-OPEN-4568"]
[Site "http://www.queenalice.com/game.php?id=1849835"]
[Date "2025.1.5"]
[Round "1"]
[White "josebaron"]
[Black "beto_duarte"]
[Result "1-0"]
[WhiteElo "2175"]
[BlackElo "1629"]

1. e4 c5 2. Nf3 d6 3. Bb5+ Bd7 4. Bxd7+ Nxd7 5. O-O h6 6. d4 Ngf6 7. dxc5 Nxc5
8. e5 Nfe4 9. exd6 exd6 10. Re1 Be7 11. Qd5 O-O 12. Rxe4 Nxe4 13. Qxe4 Bf6 14.
c3 Re8 15. Qd3 Qc7 16. Na3 Qc6 17. Be3 a6 18. Nc2 Qb5 19. Qxb5 axb5 20. a3 b4
21. Nxb4 g5 22. Nd5 Bd8 23. h3 Ra5 24. c4 b5 25. b4 Ra8 26. cxb5 Re4 27. b6 Rb8
28. a4 Kg7 29. a5 g4 30. hxg4 Rxg4 31. a6 Bf6 32. Nxf6 Kxf6 33. a7 1-0

[Event "AUTO-OPEN-4568"]
[Site "http://www.queenalice.com/game.php?id=1849836"]
[Date "2025.1.5"]
[Round "1"]
[White "beto_duarte"]
[Black "josebaron"]
[Result "0-1"]
[WhiteElo "1627"]
[BlackElo "2192"]

1. e4 e5 2. Nf3 Nc6 3. Bb5 d6 4. O-O Nf6 5. d3 Be7 6. Bg5 O-O 7. Nc3 a6 8. Bc4
Bg4 9. h3 Bxf3 10. Qxf3 h6 11. Bxf6 Bxf6 12. Nd5 Nd4 13. Nxf6+ Qxf6 14. Qxf6
gxf6 15. f4 Nxc2 16. Rac1 Nd4 17. Rce1 b5 18. Bb3 a5 19. f5 a4 20. Bd1 c5 21.
Re3 Rfc8 22. Bh5 Kf8 23. g4 c4 24. Rf2 c3 25. bxc3 Rxc3 26. h4 b4 27. g5 hxg5
28. hxg5 Rc1+ 29. Kg2 b3 30. axb3 axb3 31. g6 Ra2 32. gxf7 Rxf2+ 33. Kxf2 Rh1
34. Bg6 b2 0-1

[Event "AUTO-OPEN-4568"]
[Site "http://www.queenalice.com/game.php?id=1849859"]
[Date "2025.1.5"]
[Round "1"]
[White "beto_duarte"]
[Black "maurice916"]
[Result "0-1"]
[WhiteElo "1600"]
[BlackElo "1893"]

1. f4 c6 2. d4 d5 3. c3 Bf5 4. Nd2 Nf6 5. h3 h6 6. Ngf3 e6 7. Ne5 Bd6 8. g4 Bh7
9. e3 Ne4 10. Nxe4 Bxe4 11. Rh2 f6 12. Nd3 g5 13. Rf2 Qe7 14. f5 exf5 15. gxf5
Qd7 16. Qh5+ Qf7 17. Be2 Bxd3 18. Qxf7+ Kxf7 19. Bxd3 Bg3 20. Kf1 Bxf2 21. Kxf2
Nd7 22. e4 dxe4 23. Bc4+ Kg7 24. Be3 Nb6 25. Be6 Nd5 26. Bd2 Rhe8 27. Rg1 Re7
28. h4 Rae8 29. hxg5 fxg5 30. Bxg5 hxg5 31. Rxg5+ Kh7 32. Rh5+ Kg7 33. Rg5+ Kh6
34. Rg6+ Kh5 35. Kg3 Rxe6 36. Rxe6 Rxe6 37. fxe6 Kg5 38. c4 Ne7 39. Kf2 Kf4 40.
b4 e3+ 41. Ke2 Ke4 42. d5 cxd5 43. cxd5 Nxd5 44. a4 Ke5 0-1

[Event "AUTO-OPEN-4568"]
[Site "http://www.queenalice.com/game.php?id=1849860"]
[Date "2025.1.5"]
[Round "1"]
[White "maurice916"]
[Black "beto_duarte"]
[Result "1-0"]
[WhiteElo "1888"]
[BlackElo "1605"]

1. Nf3 d5 2. b3 Nc6 3. Bb2 e6 4. e3 h6 5. Bb5 Bd7 6. O-O Nf6 7. d4 a6 8. Bd3 Nb4
9. Be2 Bd6 10. a3 Nc6 11. Nbd2 Ne4 12. c4 Nxd2 13. Qxd2 b6 14. c5 bxc5 15. dxc5
Bf8 16. b4 f6 17. Nd4 Nxd4 18. exd4 Be7 19. Rac1 Bc6 20. Bf3 Kd7 21. Rfe1 g5 22.
Qe2 Qg8 23. Bg4 Kd8 24. Bxe6 Qg7 25. Bf5 Re8 26. Qd3 Bb5 27. Qh3 a5 28. Be6 c6
29. Bf5 Ra7 30. Re3 axb4 31. axb4 Ra4 32. Bc3 Ra3 33. Be1 Rxe3 34. fxe3 Bf8 35.
Ra1 Kc7 36. Ra7+ Kb8 37. Rxg7 Bxg7 38. Bf2 Kb7 39. Qh5 Re7 40. Qd1 Re8 41. Bd3
Bxd3 42. Qxd3 Ka7 43. Qf5 Re7 44. Qc8 Rb7 45. Qxc6 1-0

[Event "AUTO-OPEN-4568"]
[Site "http://www.queenalice.com/game.php?id=1849861"]
[Date "2025.1.5"]
[Round "1"]
[White "beto_duarte"]
[Black "Ditto"]
[Result "1-0"]
[WhiteElo "1628"]
[BlackElo "1727"]

1. e4 e5 2. Nf3 Nc6 3. Bb5 Bc5 4. O-O d6 5. d4 exd4 6. Nxd4 Bxd4 7. Qxd4 Nf6 8.
Bxc6+ bxc6 9. Re1 c5 10. Qc3 O-O 11. Bg5 Qe8 12. f3 Qe6 13. Na3 Nd7 14. Nc4 Qg6
15. Bf4 Nf6 16. Kf2 Nh5 17. Qe3 Ba6 18. Na5 Qf6 19. Bg5 Qe5 20. g3 Qxb2 21. Rec1
h6 22. Bxh6 Rfe8 23. Qg5 Qd4+ 24. Kg2 g6 25. c3 Qa4 26. Nb3 Qd7 27. g4 Re5 28.
Qh4 Nf4+ 29. Bxf4 Ree8 30. Rd1 Kg7 31. Nxc5 Qc8 32. Nxa6 Qxa6 33. Re1 Rh8 34.
Qg5 Rae8 35. Be3 Qc4 36. Bd4+ Kh7 37. Qf6 Rhg8 38. Qh4# 1-0

[Event "AUTO-OPEN-4568"]
[Site "http://www.queenalice.com/game.php?id=1849862"]
[Date "2025.1.5"]
[Round "1"]
[White "Ditto"]
[Black "beto_duarte"]
[Result "0-1"]
[WhiteElo "1724"]
[BlackElo "1607"]

1. e4 c5 2. Bc4 Nc6 3. d3 e5 4. c3 Be7 5. Qf3 Nf6 6. Nh3 h6 7. Be3 Qa5 8. O-O d6
9. Nd2 a6 10. Nb3 Qc7 11. Qg3 Ng4 12. Bd2 g5 13. Qf3 Rf8 14. Bc1 f5 15. exf5
Bxf5 16. Qe2 O-O-O 17. Bd5 b6 18. c4 Nd4 19. Nxd4 exd4 20. Bd2 Ne5 21. b4 Ng6
22. a4 Bf6 23. bxc5 dxc5 24. Kh1 Rde8 25. Qd1 g4 26. Bxh6 Rh8 27. Bg5 gxh3 28.
Bxf6 hxg2+ 29. Kxg2 Qxh2+ 30. Kf3 Rh3# 0-1

[Event "AUTO-INT-3908"]
[Site "http://www.queenalice.com/game.php?id=1853310"]
[Date "2025.3.5"]
[Round "2"]
[White "hjs50667"]
[Black "beto_duarte"]
[Result "1-0"]
[WhiteElo "2273"]
[BlackElo "1609"]

1. e4 c5 2. Nf3 d6 3. d4 cxd4 4. Nxd4 e5 5. Nb3 a6 6. Nc3 Nf6 7. f3 Be7 8. Be3
Bd7 9. Qd2 b5 10. a3 Nc6 11. Be2 h6 12. O-O-O b4 13. Nd5 bxa3 14. Nxe7 axb2+ 15.
Kxb2 Kxe7 16. Qxd6+ Ke8 17. Qc5 Qe7 18. Rd6 a5 19. Rxc6 Qxc5 20. Rxc5 Ke7 21.
Rxe5+ Be6 22. Rxa5 Rab8 23. Bc5+ Kd7 24. Rd1+ Kc7 25. Bd6+ Kc6 26. Bxb8 1-0

[Event "AUTO-OPEN-4592"]
[Site "http://www.queenalice.com/game.php?id=1856757"]
[Date "2025.5.6"]
[Round "1"]
[White "JailtonMaster"]
[Black "beto_duarte"]
[Result "1-0"]
[WhiteElo "2021"]
[BlackElo "1648"]

1. e4 c5 2. Nf3 d6 3. d4 cxd4 4. Nxd4 Nc6 5. Nc3 Nxd4 6. Qxd4 a6 7. Bc4 b5 8.
Qd5 Be6 9. Qc6+ Bd7 10. Bxf7+ Kxf7 11. Qd5+ e6 12. Qh5+ g6 13. Qf3+ Nf6 14. e5
dxe5 15. Bg5 Bg7 16. Ne4 Qa5+ 17. c3 Qd8 18. O-O-O Kf8 19. Nxf6 1-0

[Event "AUTO-OPEN-4592"]
[Site "http://www.queenalice.com/game.php?id=1856758"]
[Date "2025.5.6"]
[Round "1"]
[White "beto_duarte"]
[Black "JailtonMaster"]
[Result "0-1"]
[WhiteElo "1661"]
[BlackElo "2000"]

1. f4 e6 2. e3 d5 3. Nf3 c5 4. c3 Nc6 5. d3 Nf6 6. h3 Bd6 7. Nbd2 O-O 8. g4 h6
9. Nh4 Ne4 10. dxe4 Qxh4+ 11. Ke2 d4 12. Nf3 Qe7 13. cxd4 b6 14. Kf2 Bb7 15. h4
Rad8 16. b4 Nxb4 17. e5 Bb8 18. a3 Bxf3 19. Qxf3 Nd5 20. Bd2 cxd4 21. exd4 f6
22. f5 fxe5 23. Bd3 exd4 24. Kg2 exf5 25. Bxf5 Ne3+ 26. Bxe3 dxe3 27. Rae1 Rd2+
28. Kh3 g6 29. Rxe3 Qd6 30. Re2 gxf5 31. Rxd2 Qxd2 32. gxf5 Kh8 33. f6 Qd6 34.
Qc3 Rxf6 35. Qc8+ Kh7 36. Qc2+ Rg6 37. Re1 Qg3# 0-1

[Event "AUTO-OPEN-4592"]
[Site "http://www.queenalice.com/game.php?id=1856785"]
[Date "2025.5.6"]
[Round "1"]
[White "IranSilva"]
[Black "beto_duarte"]
[Result "1-0"]
[WhiteElo "2073"]
[BlackElo "1663"]

1. Nf3 c5 2. c4 d6 3. g3 Nc6 4. Bg2 h6 5. O-O e5 6. Nc3 g5 7. e3 f5 8. d4 cxd4
9. exd4 e4 10. Ne1 g4 11. Bf4 Be6 12. d5 Bd7 13. Nc2 Ne5 14. Ne3 Rc8 15. Bxe5
dxe5 16. Nxe4 fxe4 17. Bxe4 Nf6 18. Bg6+ Ke7 19. Qd2 Qb6 20. Qc3 Rg8 21. Qxe5+
Kd8 22. Bf7 Rg7 23. Be6 Be7 24. Nf5 Rh7 25. Rad1 Bxe6 26. dxe6+ Ke8 27. Rfe1 Qc5
28. Nd6+ Bxd6 29. Qxf6 Qg5 30. Qxg5 hxg5 31. Rxd6 Re7 32. Re4 Rc6 33. Rxc6 bxc6
34. Rxg4 Rxe6 35. Rxg5 Re2 36. Ra5 Rxb2 37. Rxa7 Kd8 38. h4 Kc8 39. h5 Kb8 40.
Ra3 Rd2 41. Kg2 Rd4 42. Rf3 Rxc4 43. Rf8+ Kb7 44. h6 1-0

[Event "AUTO-OPEN-4592"]
[Site "http://www.queenalice.com/game.php?id=1856786"]
[Date "2025.5.6"]
[Round "1"]
[White "beto_duarte"]
[Black "IranSilva"]
[Result "0-1"]
[WhiteElo "1646"]
[BlackElo "1991"]

1. f4 b6 2. e3 Bb7 3. Nf3 Nf6 4. h3 e6 5. d4 Ne4 6. Nc3 Nxc3 7. bxc3 Be7 8. h4
d5 9. Bd3 Nd7 10. f5 exf5 11. Bxf5 Nf6 12. h5 h6 13. O-O Nxh5 14. Ne5 Nf6 15.
Qd3 O-O 16. g4 Qd6 17. Kf2 Bc8 18. Bxc8 Ne4+ 19. Ke1 Bh4+ 20. Kd1 Raxc8 21. Qb5
Nxc3+ 22. Kd2 Nxb5 0-1

[Event "AUTO-OPEN-4592"]
[Site "http://www.queenalice.com/game.php?id=1856805"]
[Date "2025.5.6"]
[Round "1"]
[White "beto_duarte"]
[Black "brumbaz"]
[Result "0-1"]
[WhiteElo "1631"]
[BlackElo "1559"]

1. f4 Nc6 2. e3 Nf6 3. h3 e5 4. a3 e4 5. d3 d5 6. d4 Na5 7. Bd2 Nc4 8. Bxc4 dxc4
9. Nc3 c5 10. Nge2 Be7 11. Ng3 cxd4 12. exd4 Qxd4 13. Qe2 a6 14. Be3 Qd7 15.
Qxc4 b5 16. Qe2 O-O 17. Rd1 Qc6 18. Ncxe4 Nxe4 19. Qf3 Bb7 20. Nxe4 Qxe4 21.
Qxe4 Bxe4 22. Rd2 Bh4+ 23. Kd1 Rad8 24. Rxd8 Rxd8+ 25. Kc1 Bxg2 26. Rh2 Bf3 27.
c3 a5 28. Bb6 Rd1+ 29. Kc2 a4 0-1

[Event "AUTO-OPEN-4592"]
[Site "http://www.queenalice.com/game.php?id=1856806"]
[Date "2025.5.6"]
[Round "1"]
[White "brumbaz"]
[Black "beto_duarte"]
[Result "1-0"]
[WhiteElo "1578"]
[BlackElo "1612"]

1. e4 c5 2. Nf3 d6 3. Bb5+ Bd7 4. c4 a6 5. Ba4 Nc6 6. a3 e5 7. d3 Nf6 8. Be3 Nd4
9. Nxd4 cxd4 10. Bd2 b5 11. cxb5 axb5 12. Bb3 Bc6 13. Bg5 Be7 14. f4 h6 15. Bh4
exf4 16. Nd2 h5 17. Nf3 Ng4 18. Bf2 Nxf2 19. Kxf2 Bd7 20. h3 Bh4+ 21. Nxh4 Qxh4+
22. Kf1 O-O 23. Qe1 Qd8 24. g3 fxg3 25. Qxg3 Be6 26. Rg1 Qf6+ 27. Ke2 Bxb3 28.
Raf1 Qh6 29. Qh4 Rae8 30. Rf6 1-0

[Event "AUTO-INT-3931"]
[Site "http://www.queenalice.com/game.php?id=1856863"]
[Date "2025.5.7"]
[Round "1"]
[White "beto_duarte"]
[Black "brumbaz"]
[Result "0-1"]
[WhiteElo "1595"]
[BlackElo "1595"]

1. f4 d5 2. e3 Bf5 3. d4 e6 4. Nf3 Be7 5. g3 Nf6 6. h3 Be4 7. Rg1 Nc6 8. Ng5 Nb4
9. Bd3 Nxd3+ 10. cxd3 Bb4+ 11. Bd2 Bxd2+ 12. Nxd2 Bxd3 13. Qb3 Ba6 14. Ndf3 h6
15. Nxf7 Kxf7 16. Ne5+ Ke8 17. Rc1 Rg8 18. g4 Ne4 19. Qc2 c6 20. g5 g6 21. Qg2
h5 22. b4 Qb6 23. a3 Qb5 24. Rc5 Nxc5 25. dxc5 Rc8 26. Qb2 Kd8 27. Nf7+ Kc7 28.
Qe5+ Kd7 0-1

[Event "AUTO-INT-3931"]
[Site "http://www.queenalice.com/game.php?id=1856864"]
[Date "2025.5.7"]
[Round "1"]
[White "brumbaz"]
[Black "beto_duarte"]
[Result "1-0"]
[WhiteElo "1539"]
[BlackElo "1651"]

1. e4 c5 2. Bc4 d6 3. Nf3 h6 4. d4 cxd4 5. Nxd4 Nc6 6. Bb5 Bd7 7. Nc3 a6 8. Nxc6
bxc6 9. Bc4 e5 10. Ne2 Nf6 11. Bd3 d5 12. Ng3 Bc5 13. c4 Bxf2+ 14. Kxf2 Qb6+ 15.
Ke1 Ng4 16. Qf3 Qb4+ 17. Kd1 Nf6 18. Nf5 Kf8 19. Qg3 Nh5 20. Qxe5 f6 21. Qd6+
Qxd6 22. Nxd6 Bg4+ 23. Be2 Bxe2+ 24. Kxe2 dxe4 25. Nxe4 Re8 26. Kd3 f5 27. Nc5
a5 28. Bd2 Rd8+ 29. Kc2 1-0

[Event "AUTO-INT-3931"]
[Site "http://www.queenalice.com/game.php?id=1856865"]
[Date "2025.5.7"]
[Round "1"]
[White "beto_duarte"]
[Black "game"]
[Result "1-0"]
[WhiteElo "1642"]
[BlackElo "1523"]

1. f4 d6 2. e3 Bf5 3. d4 e6 4. Nf3 Bg4 5. h3 Bf5 6. g4 Be4 7. Nc3 d5 8. Nxe4
dxe4 9. Ng5 Nf6 10. Bg2 Nc6 11. Nxe4 Qd5 12. Nxf6+ gxf6 13. Bxd5 exd5 14. O-O
O-O-O 15. f5 Rg8 16. Kf2 h5 17. gxh5 Ne7 18. Rg1 Rg5 19. Rxg5 fxg5 20. Qg4 f6
21. b3 Nc6 22. a3 Re8 23. Qf3 Bd6 24. Qxd5 Ne7 25. Qe6+ Kd8 26. Qxf6 Kd7 27. h6
Ng8 28. Qg7+ Be7 29. h7 Nf6 30. h8=Q Rxh8 31. Qxh8 g4 32. hxg4 Nxg4+ 33. Kg3 Nf6
34. Bb2 1-0

[Event "AUTO-INT-3931"]
[Site "http://www.queenalice.com/game.php?id=1856866"]
[Date "2025.5.7"]
[Round "1"]
[White "game"]
[Black "beto_duarte"]
[Result "0-1"]
[WhiteElo "1495"]
[BlackElo "1653"]

1. e4 c5 2. Bc4 d6 3. Nf3 h6 4. Nh4 e6 5. Nf3 a6 6. Nc3 b5 7. Be2 Nc6 8. d3 Nf6
9. O-O Bd7 10. Nh4 e5 11. f4 b4 12. Na4 Nd4 13. fxe5 Nxe2+ 14. Qxe2 Bxa4 15. Nf5
dxe5 16. Be3 g6 17. Ng3 h5 18. Qf3 Bg7 19. Bxc5 Bxc2 20. Bxb4 Qd4+ 21. Rf2 Qxd3
22. Qxd3 Bxd3 23. Rd1 Nxe4 24. Nxe4 Bxe4 25. Rdf1 Bd3 26. Rd1 e4 27. Re1 f5 28.
Rc1 Kd7 29. Bc3 Bxc3 30. Rxc3 Rac8 31. g3 Rxc3 32. bxc3 Ke6 33. Rb2 Kf6 34. h4
g5 35. Rb6+ Ke5 36. hxg5 e3 37. Rb2 f4 38. gxf4+ Kxf4 39. g6 Kf3 40. Rg2 h4 41.
g7 Rg8 42. Kh2 e2 43. Rg1 Kf2 44. Rg2+ Ke1 45. Kg1 Kd1 46. Rxe2 Bxe2 47. Kh2
Rxg7 48. a4 Kc2 49. Kh3 Kxc3 50. Kxh4 Kb4 0-1

[Event "AUTO-INT-3931"]
[Site "http://www.queenalice.com/game.php?id=1856867"]
[Date "2025.5.7"]
[Round "1"]
[White "beto_duarte"]
[Black "nuzera"]
[Result "0-1"]
[WhiteElo "1579"]
[BlackElo "1493"]

1. f4 e6 2. e3 Nf6 3. h3 Ne4 4. Qf3 Qh4+ 5. g3 Nxg3 6. Rh2 Ne4+ 7. Kd1 Ng3 8.
Ne2 Nxe2 9. Bxe2 Bd6 10. d4 Qh6 11. Nc3 a6 12. e4 Qg6 13. Rg2 Qh6 14. f5 g5 15.
Bxg5 Qf8 16. e5 Bb4 17. f6 Nc6 18. Rg4 Bxc3 0-1

[Event "AUTO-INT-3931"]
[Site "http://www.queenalice.com/game.php?id=1856868"]
[Date "2025.5.7"]
[Round "1"]
[White "nuzera"]
[Black "beto_duarte"]
[Result "1-0"]
[WhiteElo "1530"]
[BlackElo "1560"]

1. e4 c5 2. Nc3 a6 3. d4 cxd4 4. Qxd4 Nc6 5. Qe3 d6 6. Nd5 e6 7. Nb6 Rb8 8. Bd2
e5 9. Bd3 Nf6 10. h3 Nd4 11. Nxc8 Rxc8 12. O-O-O Be7 13. f4 O-O 14. f5 d5 15.
Qg3 dxe4 16. Bh6 Nxf5 17. Qxe5 Nxh6 18. Bxe4 1-0

[Event "AUTO-ADV-4864"]
[Site "http://www.queenalice.com/game.php?id=1856998"]
[Date "2025.5.9"]
[Round "1"]
[White "beto_duarte"]
[Black "Danado"]
[Result "1-0"]
[WhiteElo "1659"]
[BlackElo "1695"]

1. f4 Nc6 2. e3 Nf6 3. h3 d5 4. d3 Bf5 5. g4 Bd7 6. a3 e5 7. g5 Ng8 8. Bg2 Bf5
9. e4 dxe4 10. dxe4 Qxd1+ 11. Kxd1 O-O-O+ 12. Bd2 Bd7 13. f5 f6 14. Nc3 Be7 15.
Nd5 fxg5 16. b4 Nf6 17. b5 Nd4 18. Nxe7+ Kb8 19. a4 Rhe8 20. Nd5 Nxd5 21. exd5
Nxf5 22. Bxg5 Rc8 23. Ne2 h6 24. Bd2 Nh4 25. Be4 c6 26. bxc6 bxc6 27. Ba5 cxd5
28. Rb1+ Ka8 29. Bxd5+ Bc6 30. Bxc6+ Rxc6 31. Rg1 g5 32. Be1 Nf3 33. Rf1 Rd8+
34. Kc1 Rcd6 35. Rxf3 a6 36. Nc3 e4 37. Re3 Rd4 38. Rxe4 Rxe4 39. Nxe4 Re8 40.
Rb4 Ka7 41. Bf2+ Ka8 42. Nc5 h5 43. Nxa6 Re7 44. Rb8# 1-0

[Event "AUTO-ADV-4864"]
[Site "http://www.queenalice.com/game.php?id=1857013"]
[Date "2025.5.9"]
[Round "1"]
[White "beto_duarte"]
[Black "WoodpusherKid"]
[Result "0-1"]
[WhiteElo "1676"]
[BlackElo "2346"]

1. f4 d5 2. d4 e6 3. Nf3 Nf6 4. h3 Ne4 5. Nc3 Nc6 6. h4 Ng3 7. Rg1 Be7 8. e3
Nxf1 9. Rxf1 Bxh4+ 10. Nxh4 Qxh4+ 11. Kd2 b6 12. a3 Ba6 13. Rh1 Qf2+ 14. Ne2
Qxg2 15. Rg1 Bxe2 16. Rxg2 Bxd1 17. Kxd1 O-O 18. c3 Rfd8 19. Bd2 a5 20. Rc1 Ne7
21. Kc2 a4 22. Kb1 g6 23. c4 Ra7 24. cxd5 Nxd5 25. Rh1 f5 26. Rc1 Kf7 27. Rh2
Rh8 28. Kc2 h5 29. Rg1 Rc8 30. Rhg2 Rg8 31. Kd3 c5 32. dxc5 bxc5 33. e4 Nf6 34.
e5 c4+ 35. Ke2 Nd5 36. Rc1 Rb7 37. Rc2 Rgb8 38. Bc1 Kg7 39. Rxc4 Kh6 40. Rc6
Rxb2+ 41. Bxb2 Rxb2+ 42. Kf3 Rb3+ 43. Kf2 Nxf4 44. Rh2 Rxa3 45. Rh1 g5 46. Rd6
g4 47. Rhd1 g3+ 48. Kg1 Nh3+ 49. Kg2 Nf4+ 50. Kg1 Kg5 51. R6d2 Re3 52. Ra2 Ne2+
53. Kg2 f4 54. Rdd2 f3+ 55. Kh3 f2 0-1

[Event "AUTO-ADV-4864"]
[Site "http://www.queenalice.com/game.php?id=1857014"]
[Date "2025.5.9"]
[Round "1"]
[White "WoodpusherKid"]
[Black "beto_duarte"]
[Result "1-0"]
[WhiteElo "2260"]
[BlackElo "1644"]

1. Nf3 c5 2. e4 d6 3. d4 cxd4 4. Nxd4 Nc6 5. c4 e5 6. Nc2 a5 7. Be2 Nf6 8. Nc3
Bd7 9. O-O h5 10. Bg5 Be7 11. Qd2 Bg4 12. Bxg4 hxg4 13. Bxf6 Bxf6 14. Nd5 Kf8
15. g3 Bg5 16. Qe2 Rc8 17. Qxg4 Nb4 18. Ncxb4 axb4 19. b3 Ke8 20. a3 bxa3 21.
Rxa3 b5 22. Ra7 bxc4 23. h4 cxb3 24. hxg5 b2 25. Rxf7 1-0

[Event "AUTO-ADV-4864"]
[Site "http://www.queenalice.com/game.php?id=1857015"]
[Date "2025.5.9"]
[Round "1"]
[White "beto_duarte"]
[Black "kuntakinte"]
[Result "0-1"]
[WhiteElo "1674"]
[BlackElo "1765"]

1. f4 e6 2. Nf3 d6 3. d4 Nf6 4. Nc3 d5 5. e3 Bb4 6. Bd2 O-O 7. h3 Bd6 8. Qe2 c6
9. g4 Ne4 10. Nxe4 dxe4 11. Ne5 f6 12. Nc4 b5 13. Nxd6 Qxd6 14. Bg2 f5 15. g5 g6
16. a3 Ba6 17. Bb4 Qd8 18. Bxf8 Qxf8 19. b4 Nd7 20. h4 Nb6 21. h5 Qg7 22. hxg6
Qxg6 23. Rh6 Qf7 24. O-O-O Kf8 25. Rf6 Ke7 26. Rxf7+ Kxf7 27. Qh5+ Ke7 28. Qxh7+
Kd6 29. g6 Nd5 30. g7 Ne7 31. Qh8 Ng8 32. Kb2 Re8 33. Bxe4 Bb7 0-1

[Event "AUTO-ADV-4864"]
[Site "http://www.queenalice.com/game.php?id=1857016"]
[Date "2025.5.9"]
[Round "1"]
[White "kuntakinte"]
[Black "beto_duarte"]
[Result "1-0"]
[WhiteElo "1777"]
[BlackElo "1662"]

1. e4 c5 2. c3 Nc6 3. Bc4 d6 4. Qf3 e6 5. Ne2 Ne5 6. Bb5+ Bd7 7. Bxd7+ Qxd7 8.
Qe3 Nf6 9. f3 h6 10. d4 Nc4 11. Qd3 d5 12. e5 Nh7 13. b3 Nb6 14. O-O c4 15. bxc4
dxc4 16. Qc2 Be7 17. Bf4 Nd5 18. Nd2 g5 19. Bg3 Ne3 20. Qc1 Nxf1 21. Qxf1 b5 22.
a3 a5 23. a4 b4 24. Nxc4 bxc3 25. Nb6 Qa7 26. Nxa8 Bb4 27. Ra2 O-O 28. f4 Qxa8
29. Qc1 Rc8 30. Be1 Qa7 31. Rc2 Qb7 32. Bxc3 Qe4 33. Rd2 Bxc3 34. Nxc3 1-0